01580njm a2200349Ia 450000100060000000300090000600500170001500800410003204000130007304000130008604100130009910000110011210000180012310000380014124500230017925000110020226000110021326000430022430000100026730000290027750000320030650503040033851100410064251100240068365000500070770000780075770000630083570000940089870000850099270000650107770000880114224582IT-RoPAU20220918181154.0131025s9999 xx 000 0 und d aIT-RoPAU cIT-RoPAU aITALIANO aAA.VV. eAutore musica gCodice autore musica SPICS: 12000 aCanzoni piemontesi a1a ed. aMILANO bJOKER - W. GURTLERc1968 [1a Ed.:1968] aDISCO c34 minuti (Testo: pag.) aCanzoni popolari piemontesi aQuand' ch'j era giovo - A la moda di montagnon - La canson d'la crica (La nostra crica) - Spunta 'l sol - Trenta sold - Marieme veuj Marieme - Mia mama a vol che fila - La Monferrina - A l'umbretta del bussun - Ciau Turin (2:00) - Souta i pont del Po (3:00) - Piemont (3:00) - Bela munfrinota (3:00) aComplesso di A.Camera e P.Piacentino aCanta Pinot Pautass aPOPOLARE [DISCHI]eCodice MATERIA SPICS: 9950 aPrato CarlodCodice autore musica SPICS: 13381eAutore musicapCiau Turin aLampugnanidCodice autore SPICS: 14280eAutorepCiau Turin aGiardinodCodice autore musica SPICS: 24167eAutore musicapSouta i pont del Po - Piemont aBelfiore AlfonsodCodice autore SPICS: 12302eAutore musicapSouta i pont del Po aGramegna AngeladCodice autore SPICS: 15346eAutorepPiemont aGallizio SecondodCodice autore musica SPICS: 14234eAutore musicapBela munfrinota